Les vainqueurs du Masters de tennis masculin (ATP Finals) - Statistiques

Statistiques générales
  • Ce quiz a été pris 449 fois
    137 depuis la dernière actualisation
  • Le résultat moyen est 41 sur 53
Statistiques - réponses
Année Vainqueur Vaincu % Correct
2008 Novak Djokovic Nikolay Davydenko
99%
2011 Novak Djokovic Jo-Wilfried Tsonga
99%
2013 Novak Djokovic Rafael Nadal
99%
2014 Novak Djokovic Roger Federer
99%
2015 Novak Djokovic Roger Federer
99%
2023 Novak Djokovic Casper Ruud
99%
2024 Novak Djokovic Jannik Sinner
99%
2003 Roger Federer Andre Agassi
97%
2004 Roger Federer Leyton Hewitt
97%
2006 Roger Federer James Blake
97%
2007 Roger Federer David Ferrer
97%
2009 Roger Federer Rafael Nadal
97%
1991 Pete Sampras Jim Courier
90%
1994 Pete Sampras Boris Becker
90%
1996 Pete Sampras Boris Becker
90%
1997 Pete Sampras Ievgueni Kafelnikov
90%
1999 Pete Sampras Andre Agassi
90%
1990 Andre Agassi Stefan Edberg
89%
1979 Bjorn Borg Vitaas Gerulaitis
86%
1980 Bjorn Borg Ivan Lendl
86%
2020 Daniil Medvedev Dominic Thiem
86%
2018 Alexander Zverev Novak Djokovic
85%
2021 Alexander Zverev Daniil Medvedev
85%
2016 Andy Murray Novak Djokovic
85%
1978 John McEnroe Arthur Ashe
85%
1983 John McEnroe Ivan Lendl
85%
1984 John McEnroe Ivan Lendl
85%
1981 Ivan Lendl Vitaas Gerulaitis
82%
1982 Ivan Lendl John McEnroe
82%
1985 Ivan Lendl Boris Becker
82%
1986 Ivan Lendl Boris Becker
82%
1987 Ivan Lendl Mats Wilander
82%
1988 Boris Becker Ivan Lendl
81%
1992 Boris Becker Jim Courier
81%
1995 Boris Becker Michael Chang
81%
1989 Stefan Edberg Boris Becker
77%
2019 Stefanos Tsitsipas Dominic Thiem
75%
2001 Leyton Hewitt Sébastien Grosjean
74%
2002 Leyton Hewitt Juan Carlos Ferrero
74%
1971 Ilie Nastase Stan Smith
67%
1972 Ilie Nastase Stan Smith
67%
1973 Ilie Nastase Tom Okker
67%
1975 Ilie Nastase Bjorn Borg
67%
1977 Jimmy Connors Bjorn Borg
66%
2017 Grigor Dimitrov David Goffin
63%
1970 Stan Smith Rod Laver
63%
2010 Nikolay Davydenko Juan Martin Del Potro
50%
2000 Gustavo Kuerten Andre Agassi
48%
2005 David Nalbandian Roger Federer
44%
1974 Guillermo Villas Ilie Nastase
31%
1998 Alex Corretja Carlos Moya
23%
1993 Michael Stich Pete Sampras
23%
1976 Manuel Orantes Wojtek Fibak
16%
Aucun quiz correspondant
Distribution des résultats
% des personnes avec chaque résultat
Percentile par nombre de réponses
Votre historique - résultats
Vous n’avez pas pris ce quiz depuis la dernière actualisation